000 00682nam a22001817a 4500
003 OSt
005 20150408114112.0
008 130128s jo ||||f |||| 00| 0 ara d
040 _aMa-un
082 _221
_a338.5
_bق ا م
100 _aقطف، إبراهيم سليمان
_920004
245 _aمبادئ الاقتصاد الجزئي /
_cإبراهيم سليمان قطف،
_hعلي محمد خليل.
260 _aعمان، الاردن :
_bدار الحامد للنشر و التوزيع ،
_c2003
300 _a 286 ص. :
_bإيض. ؛
_c24 سم.
650 _aالاقتصاد الجزئي
_919812
700 _aخليل، علي محمد
_920005
942 _2ddc
_cBOOK
999 _c27153
_d261653